The complete idiot's guide to managed health care / (Record no. 116)

MARC details
000 -LEADER
fixed length control field 01016cam a2200301 a 4500
005 - DATE AND TIME OF LATEST TRANSACTION
control field 20260322212007.0
008 - FIXED-LENGTH DATA ELEMENTS--GENERAL INFORMATION
fixed length control field data
010 ## - LIBRARY OF CONGRESS CONTROL NUMBER
LC control number 97080951
020 ## - INTERNATIONAL STANDARD BOOK NUMBER
International Standard Book Number 0028621654 (pbk.)
020 ## - INTERNATIONAL STANDARD BOOK NUMBER
International Standard Book Number 9780028621654 (pbk.)
040 ## - CATALOGING SOURCE
Original cataloging agency MiWaOW
Transcribing agency MiWaOW
Modifying agency DLC
-- DLC
042 ## - AUTHENTICATION CODE
Authentication code lccopycat
050 04 - LIBRARY OF CONGRESS CALL NUMBER
Classification number RA413
Item number .K67 1998
082 00 - DEWEY DECIMAL CLASSIFICATION NUMBER
Classification number 362.1/04258
Edition information 21
092 ## - LOCALLY ASSIGNED DEWEY CALL NUMBER (OCLC)
Classification number 362.1 K67 1998
001 - CONTROL NUMBER
control field data
100 1# - MAIN ENTRY--PERSONAL NAME
Personal name Korczyk, Sophie M.,
Dates associated with a name 1948-
245 14 - TITLE STATEMENT
Title The complete idiot's guide to managed health care /
Statement of responsibility, etc. Sophie M. Korczyk & Hazel A. Witte.
246 3# - VARYING FORM OF TITLE
Title proper/short title Complete idiot's guide
246 30 - VARYING FORM OF TITLE
Title proper/short title Guide to managed health care
246 10 - VARYING FORM OF TITLE
Title proper/short title Managed health care.
260 ## - PUBLICATION, DISTRIBUTION, ETC.
Place of publication, distribution, etc. New York, NY :
Name of publisher, distributor, etc. Alpha Books,
Date of publication, distribution, etc. c1998.
300 ## - PHYSICAL DESCRIPTION
Extent xx, 300 p. :
Other physical details ill. ;
Dimensions 24 cm.
504 ## - BIBLIOGRAPHY, ETC. NOTE
Bibliography, etc. note Includes bibliographical references (p. 290-292) and index.
650 #0 - SUBJECT ADDED ENTRY--TOPICAL TERM
Topical term or geographic name entry element Managed care plans (Medical care)
General subdivision Management.
700 1# - ADDED ENTRY--PERSONAL NAME
Personal name Witte, Hazel A.
856 42 - ELECTRONIC LOCATION AND ACCESS
Materials specified Publisher description
Uniform Resource Identifier <a href="http://www.loc.gov/catdir/enhancements/fy0716/97080951-d.html">http://www.loc.gov/catdir/enhancements/fy0716/97080951-d.html</a>
Holdings
Withdrawn status Lost status Damaged status Not for loan Home library Current library Shelving location Date acquired Total checkouts Full call number Barcode Date last seen Price effective from Koha item type
        Riverside Riverside General stacks 22/03/2026   362.1/04258 21 BC0010120 22/03/2026 22/03/2026 Books